[Event "Muensterland Verbandsliga 0607"]
[Site "Germany"]
[Date "2007.05.05"]
[Round "9.7"]
[White "Ter Horst, Carsten"]
[Black "Lutterbey, Ralf"]
[Result "0-1"]
[WhiteElo "1850"]
[BlackElo "1911"]
[PlyCount "128"]
[EventDate "2006.09.16"]
[EventType "team-tourn"]
[EventRounds "9"]
[EventCountry "GER"]
[SourceTitle "EXT 2008"]
[Source "ChessBase"]
[SourceDate "2007.11.25"]
[SourceVersion "1"]
[SourceVersionDate "2007.11.25"]
[SourceQuality "1"]
[WhiteTeam "Stadtlohn"]
[BlackTeam "Saerbeck"]
[WhiteTeamCountry "GER"]
[BlackTeamCountry "GER"]

1. e4 d5 2. exd5 Qxd5 3. Nc3 Qa5 4. d4 e5 5. dxe5 Bb4 6. Nf3 Bg4 7. Bd2 Nc6 8. a3 Nd4 9. Be2 Bxf3 10. Bxf3 Qxe5+ 11. Kf1 Bxc3 12. bxc3 Nxf3 13. Qxf3 0-0-0 14. Bf4 Qb5+ 15. Kg1 Qb2 16. Re1 Nf6 17. h3 Qxc2 18. Kh2 Rd3 19. Re3 Rhd8 20. Be5 Rxe3 21. Qxe3 Qe4 22. Qxe4 Nxe4 23. Bxg7 Rd3 24. Re1 f5 25. g4 Nxc3 26. gxf5 Nd5 27. f6 Rf3 28. Kg2 Rf5 29. Re8+ Kd7 30. Rf8 b5 31. Kf1 a5 32. Ra8 a4 33. Ra5 c6 34. Ra7+ Ke6 35. Ra6 Kd7 36. Ra7+ Ke6 37. Ra6 Nxf6 38. Rxc6+ Kf7 39. Bxf6 Rxf6 40. Rc7+ Kg6 41. Rb7 Rf5 42. Kg2 h5 43. h4 Rc5 44. Kh2 Kf5 45. Kg3 Ke4 46. f3+ Kd4 47. f4 Kc3 48. Re7 b4 49. axb4 Kxb4 50. Ra7 a3 51. Kf3 Kb3 52. Rb7+ Kc2 53. Ra7 Rc3+ 54. Ke4 Kb2 55. Kf5 a2 56. Rxa2+ Kxa2 57. Kg5 Kb3 58. Kxh5 Kc4 59. Kg6 Kd5 60. h5 Ke6 61. f5+ Ke7 62. Kg7 Rg3+ 63. Kh7 Kf7 64. h6 Rh3 0-1

[Event "Muensterland Verbandsklasse-B 0405"]
[Site "Muensterland"]
[Date "2005.03.05"]
[Round "7.3"]
[White "Koetting, Hans Erich"]
[Black "Lutterbey, Ralf"]
[Result "0-1"]
[WhiteElo "1875"]
[BlackElo "1869"]
[PlyCount "82"]
[EventDate "2004.09.11"]
[EventType "team-tourn"]
[EventRounds "9"]
[EventCountry "GER"]
[SourceTitle "EXT 2006"]
[Source "ChessBase"]
[SourceDate "2005.11.24"]
[SourceVersion "1"]
[SourceVersionDate "2005.11.24"]
[SourceQuality "1"]
[WhiteTeam "Duelmen"]
[BlackTeam "Saerbeck II"]
[WhiteTeamCountry "GER"]
[BlackTeamCountry "GER"]

1. Nf3 d5 2. c4 e6 3. e3 c5 4. Nc3 Nf6 5. Be2 a6 6. d4 dxc4 7. Bxc4 b5 8. Be2 Bb7 9. 0-0 Nc6 10. Re1 cxd4 11. exd4 Be7 12. Bf4 0-0 13. Qd2 Nd5 14. Bg3 Nxc3 15. bxc3 Rc8 16. Red1 Qd5 17. Rab1 Na5 18. Ne1 Nc4 19. Qf4 Rfd8 20. Rd3 Bd6 21. Qg4 Qe4 22. Bxd6 Rxd6 23. Rg3 g6 24. Rd1 Nb2 25. Rd2 Qb1 26. Kf1 b4 27. c4 Nxc4 28. Rc2 Bd5 29. Rb3 Qa1 30. Bf3 Bxf3 31. Rxf3 Ne3+ 32. Rxe3 Rxc2 33. Qe4 Rc1 34. Qb7 Qxd4 35. Qf3 Qc4+ 36. Kg1 Rdd1 37. h3 Rxe1+ 38. Kh2 Qc7+ 39. g3 Rh1+ 40. Qxh1 Rxh1+ 41. Kxh1 Qc2 0-1

[Event "Muensterland Verbandsliga 0405"]
[Site "Muensterland"]
[Date "2005.01.29"]
[Round "5.8"]
[White "Ehrlich, Hans Georg"]
[Black "Lutterbey, Ralf"]
[Result "0-1"]
[WhiteElo "1914"]
[BlackElo "1867"]
[PlyCount "46"]
[EventDate "2004.09.18"]
[EventType "team-tourn"]
[EventRounds "9"]
[EventCountry "GER"]
[SourceTitle "EXT 2006"]
[Source "ChessBase"]
[SourceDate "2005.11.24"]
[SourceVersion "1"]
[SourceVersionDate "2005.11.24"]
[SourceQuality "1"]
[WhiteTeam "Heiden"]
[BlackTeam "Saerbeck"]
[WhiteTeamCountry "GER"]
[BlackTeamCountry "GER"]

1. b4 a5 2. b5 d5 3. Nf3 e6 4. Bb2 Nf6 5. e3 Bd6 6. c4 0-0 7. Be2 dxc4 8. Bxc4 c5 9. Qc2 h6 10. Nc3 b6 11. Ne4 Be7 12. d4 cxd4 13. Nxf6+ Bxf6 14. Nxd4 Bb7 15. 0-0 Nd7 16. Rfd1 Qe7 17. a4 Rac8 18. Ba3 Nc5 19. Qa2 Rfd8 20. Rac1 Be5 21. Rc2 Qh4 22. f4 Bxd4 23. Rxd4 Qe1+ 0-1